Respuesta al Ideario Nacional /
Las respuestas para el Ideario de Piza, se refieren a las siguientes cuestiones: a-. los problemas fundamentales que aquejan al estado costarricense, b-. papel que debe asumir el estado costarricense en el campo económico y social, c-. posibilidades de cambio para avanzar en la modernización del est...
Bewaard in:
| Hoofdauteur: | |
|---|---|
| Coauteur: | |
| Formaat: | Onbekend |
| Onderwerpen: | |
| Tags: |
Voeg label toe
Geen labels, Wees de eerste die dit record labelt!
|
MARC
| LEADER | 00000 a2200000 04500 | ||
|---|---|---|---|
| 001 | 4494 | ||
| 003 | CIDCACS | ||
| 005 | 20221103155156.0 | ||
| 008 | 991231s d | ||
| 040 | |a CRAI/IIS |c CRAI/IIS | ||
| 100 | 1 | |9 10794 |a Piza Rocafort, Rodolfo E. |e Autor | |
| 245 | 1 | |a Respuesta al Ideario Nacional / |c Rodolfo E. Piza Rocafort | |
| 300 | |a páginas 529-543 | ||
| 520 | |a Las respuestas para el Ideario de Piza, se refieren a las siguientes cuestiones: a-. los problemas fundamentales que aquejan al estado costarricense, b-. papel que debe asumir el estado costarricense en el campo económico y social, c-. posibilidades de cambio para avanzar en la modernización del estado costarricense d-. las orientaciones de los organismos internacionales y su congruencia con la realidad y el modelo de estado que se requiere, e-. criterios que deben fundamentar los procesos de descentralización territorial del estado, desconcentración de la autoridad y fortalecimiento del régimen municipal, f-. cambios jurídicos requeridos para el impulso del proceso de reforma del estado, g-. reorganización institucional, h-. estímulo a las exportaciones i-. opinión respecto al régimen de pensiones, j-. funciones esenciales en el sistema financiero, k-. instancias o mecanismos convenientes para lograr el consenso en la definición o ejecución de políticas y acciones de reforma estatal y, l-. perspectivas del proceso de reforma estatal. EBZ/mb | ||
| 650 | |a ESTADO | ||
| 650 | |a PARTICIPACION DEL ESTADO | ||
| 650 | |a MODERNIZACION | ||
| 650 | |a ORGANISMOS ESPECIALIZADOS | ||
| 650 | |a DESCENTRALIZACION | ||
| 650 | |a ASPECTOS JURIDICOS | ||
| 650 | |a REFORMAS ADMINISTRATIVAS | ||
| 650 | |a EXPORTACIONES | ||
| 650 | |a PENSIONES DE JUBILACION | ||
| 650 | |a SISTEMAS BANCARIOS | ||
| 650 | |a CONSENSO | ||
| 710 | |a Universidad Nacional (Costa Rica) | ||
| 942 | |2 ddc |c LI | ||
| 999 | |c 3868 |d 3868 | ||
| 773 | 0 | |0 17141 |9 4797 |a Costa Rica. |d Heredia: UNA, 1993 |o 22321 |t Ideario Costarricense / |w (cru CIDCACS/IIS)4416 | |
